Library Banner

Balkanisation and political economy of Pakistan (Record no. 46001)

MARC details
000 -LEADER
fixed length control field 00496nam a2200193Ia 4500
001 - CONTROL NUMBER
control field 48189
008 - FIXED-LENGTH DATA ELEMENTS--GENERAL INFORMATION
fixed length control field 140430s9999 xx 000 0 und d
020 ## - INTERNATIONAL STANDARD BOOK NUMBER
International Standard Book Number NA
040 ## - CATALOGING SOURCE
Transcribing agency PK-LaUMT
082 ## - DEWEY DECIMAL CLASSIFICATION NUMBER
Classification number 320.95491
Item number YOU-B
100 ## - MAIN ENTRY--PERSONAL NAME
Personal name Yousaf Nazar
245 ## - TITLE STATEMENT
Title Balkanisation and political economy of Pakistan
Statement of responsibility, etc Yousaf Nazar
250 ## - EDITION STATEMENT
Edition statement re ed
260 ## - PUBLICATION, DISTRIBUTION, ETC. (IMPRINT)
Place of publication, distribution, etc Karachi,Pakistan:
Name of publisher, distributor, etc National News Agency,
Date of publication, distribution, etc 2008
300 ## - PHYSICAL DESCRIPTION
Extent 299 p.
546 ## - LANGUAGE NOTE
Language note EN
650 ## - SUBJECT ADDED ENTRY--TOPICAL TERM
Topical term or geographic name as entry element Balkanisation-Pakistan
942 ## - ADDED ENTRY ELEMENTS (KOHA)
Koha item type Books
Holdings
Withdrawn status Lost status Damaged status Not for loan Home library Current library Date acquired Total Checkouts Total Renewals Full call number Barcode Date last seen Date checked out Price effective from Koha item type
        UMT Main Campus UMT Main Campus 2014-04-30 2 1 320.95491 YOU-B 57489 2022-06-03 2022-05-30 2014-05-06 Books